| 000 | 01491nam0a2200325 4500 | ||
|---|---|---|---|
| 001 | RU\NLR\bibl\86796 | ||
| 005 | 20250617073655.0 | ||
| 010 |
_a5-7692-0243-2 _93100 |
||
| 021 |
_aRU _b1999-51697 _92562 |
||
| 035 | _a(NLR Aleph) 000084782 | ||
| 090 |
_a473480 _c473480 |
||
| 100 | _a20000518d1999 |||y0rusy50 ca | ||
| 101 | 0 | _arus | |
| 102 | _aRU | ||
| 105 | _ay ||||||||| | ||
| 200 | 1 |
_aСерьезные ответы на детские вопросы _e[Юрид. консультации для учащихся 5-7 кл. общеобразоват. сред. шк.] _fБ. К. Балабушевич _gМуницип. сред. общеобразоват. шк. N 204 г. Новосибирска с углубл. изуч. англ. яз., Дет. клуб "Имею право" |
|
| 210 |
_aНовосибирск _cИзд-во СО РАН _d1999 |
||
| 215 |
_a40, [1] с. _d20 |
||
| 300 | _aВ предисл. авт.: Г.К. Балабушева, юрист | ||
| 320 | _aБиблиогр.: с. 40 | ||
| 606 | 0 |
_aПрава ребенка _xИзучение в начальной школе _92107859 _3RU\NLR\auth\661274151 |
|
| 686 | _aЧ421,6(2)352право | ||
| 700 | 1 |
_aБалабушевич _bБ. К. _gГалина Константиновна _4070 |
|
| 801 | 0 |
_aRU _bNLR _c20000518 _gPSBO |
|
| 801 | 1 |
_aRU _bNLR _c20000518 |
|
| 830 | _aАвт. раскрыт по кн. | ||
| 852 |
_aNLR _j2000-4/1468 |
||
| 942 | _cBOOK | ||
| 980 | _aNB | ||